000 00303nam a22001337a 4500
020 _a0495438571
082 _a620.106
100 _aPOTTER, MERLE C
245 _aMECHANICS OF FLUIDS
260 _aAustralia:
_bCengage Learning;
_c2010.
300 _a861p. ;
_b24 cm.
500 _aPaperback.
942 _cBK
999 _c32509
_d32509